000 00525nam a2200181Ia 4500
003 GCL
008 140319s9999 xx 000 0 ara d
040 _aGCL /
_cGCL
082 0 4 _a301.1
_bع م
100 1 _aعلى عبدالواحد وافى
245 1 0 _aالمسئولية والجزاء /
_cعلى عبدالواحد وافى
260 _a[S.N] :
_bدار النور ،
_c1987
300 _a160 ص
490 _a
650 0 4 _aالاجتماع
650 0 4 _aعلم النفس الاجتماعى
942 _2ddc
_cBK
999 _c28409
_d28409